000 04584nam a22004697a 4500
005 2009052004404.0
010 _aHIN-86565 B-437824-829
020 _a9788126316946
_c120.00
035 _aHN-58911
035 _aB-352099-104 B-437824-829
037 _bDBAD / PUB
037 _bAllied Pub.
037 _bभारतीय ज्ञानपीठ
082 _a821
100 _aचौधरी, उमा शंकर
_929387
245 _aकहते है तब शहंशाह सो रहे थे /
_cउमा शंकर चौधरी
246 _aKahate hain taba shanshaaha so rahe the
_bby Uma Shankar Choudhary
260 _aनयी दिल्ली
_bभारतीय ज्ञानपीठ
_c2009
270 _a18, इन्स्टीट्यूशनल एरिया, लोदी रोड़
_bनयी दिल्ली
_e110003
_mjnanpith@satyam.net.in
300 _a136 पृ.
_c22सेमी (सजिल्द)
490 _aलोकोदय ग्रन्थमालाः ग्रन्थांक; 984 / रवीन्द्र कालिया द्वारा संपादित
_929388
650 _aहिन्दी कविता
_9697
650 _aHindi poetry
_9698
700 _aकालिया, रवीन्द्र
_927856
942 _2ddc
_cHN
_h821
_mचौधरी
999 _c26610
_d26610